000 00735nam a2200205 a 4500
001 000022997
005 20200930021924.0
008 101124s1973 cu a r 000 0 spa d
040 _aDO-SdBNP
_bspa
_cBNPHU
082 _a923.591
_bM141F
100 1 _aFranco, José L.
_947308
245 1 0 _aAntonio Maceo :
_bapuntes para una historia de su vida /
_cJosé L. Franco ; edición Ricardo Stusser.
260 _aLa Habana :
_bCiencias Sociales,
_c1973.
300 _av. :
_bil. ;
_c23 cm.
490 1 _aHombre y epoca
504 _aIncluye referencias bibliográficas y notas al pie de las páginas.
600 1 0 _aMACEO Y GRAJALES, ANTONIO,
_d1845-1896
_947309
700 1 _aStusser, Ricardo,
_eed.
_914766
830 0 _aHombre y epoca
_947310
999 _c22494
_d22494